000 00601nam a2200229Ia 4500
003 IIN
005 20250507144321.0
008 250507s2022 xx ad 001 0 eng d
020 _cRs.250.00
_a9788194869313
040 _aIIN
_bEnglish
082 _a610.73
_bJYO
100 1 _aJyoti
245 1 _aSociology for GNM Nursing Students/
_cJyoti; edited by Ratna Prakash
250 _a2nd ed.
260 _aNew Delhi
_bCBSPD
_c2022
300 _a165p.
_bill.
500 _aIncludes Index
650 1 _aSociology
650 1 _aSociology
_vNursing
700 _aPrakash, Ratna (ed.)
942 _cBOOK
999 _c1809
_d1809